000 00550nam a2200181Ia 4500
003 GCL
008 140319s9999 xx 000 0 ara d
040 _aGCL /
_cGCL
082 0 4 _a746.4
_bس ا
100 1 _aسمير حسن محمد ابراهيم
245 1 0 _aاشغال الاوية التركية فىمتاحف جمهوريةمصر العربية /
_cسمير حسن محمد ابراهيم
300 _a65 ص
490 _a
650 0 4 _aالتطريز
650 0 4 _aاشغال الابرة
650 0 4 _aالاوية
942 _2ddc
_cBK
999 _c44452
_d44452